| 000 | 01065cam a2200313 a 4500 | ||
|---|---|---|---|
| 001 | 2926 | ||
| 005 | 20250825132426.0 | ||
| 020 | _a0439192765 | ||
| 040 |
_aDLC _cDLC _dDLC _beng |
||
| 050 | 0 | 0 |
_aQM27.S94 _b1999 |
| 082 | 0 | 0 | _a611 |
| 100 | 1 |
_aSweeney, Joan _d1930-2017. |
|
| 245 | 1 | 0 |
_aMe and my amazing body / _cby Joan Sweeney ; illustrated by Annette Cable. |
| 250 | _aFirst Scholastic printing, September 2000 | ||
| 260 |
_aNew York : _bScholastic , _c1999 |
||
| 300 |
_a27 unnumbered pages : _bcolor illustrations ; _c24 cm. |
||
| 490 | _a Me... books | ||
| 505 | _aO | ||
| 520 | _aA girl describes how her skin, bones, muscles, brain, blood, heart, lungs, and stomach receive energy and function as parts of her body. | ||
| 521 |
_a620
_bLexile |
||
| 521 |
_aO
_bRaz-Plus |
||
| 650 | 0 |
_aHuman anatomy _vJuvenile literature. |
|
| 650 | 1 | _aHuman anatomy. | |
| 650 | 1 | _aHuman physiology. | |
| 650 | 1 | _aHuman body. | |
| 700 | 1 |
_aCable, Annette _eillustrator |
|
| 906 |
_a7 _bcbc _corignew _d1 _eocip _f19 _gy-gencatlg |
||
| 942 |
_2ddc _cBK _n0 |
||
| 999 |
_c2926 _d2926 |
||